[Event "2BLW 2324 Klub Kölner SF - SG Porz"]
[Site "?"]
[Date "2024.02.03"]
[Round "5.6"]
[White "Kurth, Justus"]
[Black "Pauly, Carlo"]
[Result "0-1"]
[WhiteElo "2270"]
[BlackElo "2305"]
[PlyCount "108"]
[EventDate "2024.??.??"]

1. Nf3 Nf6 2. c4 g6 3. g3 Bg7 4. Bg2 O-O 5. O-O d6 6. d4 Nc6 7. Nc3 a6 8. b3 Rb8 9. d5 Na5 10. Bg5 h6 11. Bd2 c5 12. dxc6 Nxc6 13. Rc1 Bf5 14. Nd5 g5 15. Bc3 e6 16. Ne3 Bg6 17. h4 Ne4 18. Bxg7 Kxg7 19. hxg5 hxg5 20. Nd4 Nxd4 21. Qxd4+ Qf6 22. Qxf6+ Kxf6 23. Rfd1 Ke7 24. Rd4 Nf6 25. f4 gxf4 26. gxf4 Rh8 27. Kf2 Rh2 28. Rh1 Rxh1 29. Bxh1 Bb1 30. a3 a5 31. Ke1 b6 32. Bf3 Rh8 33. Bc6 Rh3 34. Kf2 e5 35. fxe5 dxe5 36. Rd1 Be4 37. Bb5 Ke6 38. b4 Bb7 39. Rd3 Ne4+ 40. Kg1 Nd6 41. Nd5 Rxd3 42. Nc7+ Ke7 43. exd3 axb4 44. axb4 Kd8 45. c5 Kxc7 46. cxd6+ Kxd6 47. Kf2 f5 48. Be8 Kd5 49. Bg6 Bc8 50. Ke3 f4+ 51. Kd2 Kd4 52. Be4 Be6 53. Bg6 Bg4 54. Be4 f3 0-1

[Event "2BLW 2324 Klub Kölner SF - SG Porz"]
[Site "?"]
[Date "2024.02.03"]
[Round "5.7"]
[White "Malykin, Vitaly"]
[Black "Werthebach, Felix"]
[Result "1-0"]
[WhiteElo "2339"]
[BlackElo "2255"]
[PlyCount "71"]
[EventDate "2024.??.??"]

1. Nf3 f5 2. d4 Nf6 3. g3 g6 4. Bg2 Bg7 5. O-O O-O 6. Nbd2 d6 7. c3 Nc6 8. Re1 e5 9. dxe5 dxe5 10. e4 f4 11. b4 a6 12. a4 Qe8 13. Ba3 b5 14. c4 fxg3 15. hxg3 Ng4 16. cxb5 axb5 17. axb5 Nd4 18. Nxd4 exd4 19. Nf3 Be6 20. Bb2 Rd8 21. Qc1 Qxb5 22. Qc5 Bc4 23. Ra5 Qxc5 24. Rxc5 Bb3 25. Rxc7 Bh8 26. Bh3 Rxf3 27. Bxg4 Rf7 28. Rxf7 Kxf7 29. Rc1 Kg8 30. Rc8 Rxc8 31. Bxc8 Bc2 32. b5 Bxe4 33. b6 Be5 34. b7 Bf3 35. Bxd4 Bb8 36. Be3 1-0

[Event "2BLW 2324 Klub Kölner SF - SG Porz"]
[Site "?"]
[Date "2024.02.03"]
[Round "5.8"]
[White "Wisskirchen, Andreas"]
[Black "Sabirov, Rafael"]
[Result "0-1"]
[WhiteElo "2215"]
[BlackElo "2165"]
[PlyCount "50"]
[EventDate "2024.??.??"]

1. d4 d5 2. Nf3 Nf6 3. c4 dxc4 4. Nc3 a6 5. a4 Nc6 6. Bg5 Na5 7. e4 Bg4 8. d5 e5 9. Be2 Bxf3 10. gxf3 Bb4 11. f4 Qd6 12. Qc2 exf4 13. O-O Nd7 14. Na2 Bc5 15. Qc3 Qg6 16. Qxa5 Qxg5+ 17. Kh1 f3 18. Bxf3 Qf4 19. Kg2 h5 20. e5 Nxe5 21. Qxc5 Qxf3+ 22. Kg1 Rh6 23. Rfd1 Qh3 24. f4 Rg6+ 25. Kf2 Rg2+ 0-1

[Event "2BLW 2324 SG Solingen II - SC Siegburg"]
[Site "?"]
[Date "2024.02.03"]
[Round "5.1"]
[White "Baklan, Vladimir"]
[Black "Krastev, Alexander"]
[Result "1-0"]
[WhiteElo "2532"]
[BlackElo "2457"]
[PlyCount "189"]
[EventDate "2024.??.??"]

1. e4 e5 2. Nf3 Nc6 3. Bb5 a6 4. Ba4 Bc5 5. O-O Nge7 6. c3 Ng6 7. d4 Ba7 8. Bg5 f6 9. Be3 O-O 10. Nbd2 Kh8 11. Re1 d6 12. h3 a5 13. Bc2 Qe8 14. Nc4 b5 15. Ncd2 a4 16. Bd3 Bd7 17. Bxb5 Nxd4 18. cxd4 Bxb5 19. Rc1 Rf7 20. Nb1 exd4 21. Nxd4 Bxd4 22. Qxd4 Rd8 23. Nc3 c5 24. Qd2 Bc6 25. Rcd1 Rfd7 26. f3 Qf7 27. Qc2 Ra8 28. Re2 Qc4 29. Red2 Rad8 30. Bf2 Ne7 31. Bg3 Nc8 32. Kh2 h6 33. b3 axb3 34. axb3 Qe6 35. Ne2 Qf7 36. b4 Bb5 37. Nc3 Bc4 38. Rb1 cxb4 39. Rxb4 Be6 40. Rbd4 f5 41. exf5 Bxf5 42. Qd1 Nb6 43. Rxd6 Nc4 44. Rxd7 Rxd7 45. Rxd7 Qxd7 46. Qe2 Qd3 47. Qxd3 Bxd3 48. Bf4 g5 49. Bc1 Kg7 50. Kg3 Kg6 51. Nd5 Bf5 52. Kf2 Be6 53. Ne7+ Kf6 54. Nc6 Bd5 55. Nb4 Bf7 56. Nd3 Bg6 57. Ke2 Bf5 58. Nf2 Kg6 59. Be3 Bc2 60. Bd4 Nd6 61. Ng4 Nc4 62. Nf6 Nd6 63. Bc3 Ba4 64. g4 Bc6 65. Kf2 Kf7 66. Nh5 Nb5 67. Be5 Na3 68. Ng3 Nc4 69. Bc3 Bd7 70. Ke2 Nb6 71. Ne4 Nd5 72. Be5 Bb5+ 73. Kf2 Bd3 74. Nc5 Bb5 75. Kg3 Ne7 76. Nb7 Bd7 77. Kf2 Kg6 78. Nc5 Be8 79. Bd6 Nc8 80. Bf8 Nb6 81. Nb3 Nd7 82. Bd6 Nf6 83. Nd4 Bd7 84. Kg3 Nd5 85. Nb3 Bc6 86. Nc5 Nb6 87. Ne6 Nc4 88. Bc5 Ne5 89. Nd4 Bd7 90. Bd6 Nc4 91. Bc7 Ne3 92. h4 h5 93. gxh5+ Kxh5 94. hxg5 Kxg5 95. Bf4+ 1-0

[Event "2BLW 2324 SG Solingen II - SC Siegburg"]
[Site "?"]
[Date "2024.02.03"]
[Round "5.2"]
[White "Roseneck, Jonas"]
[Black "Kovchan, Alexander"]
[Result "1/2-1/2"]
[WhiteElo "2391"]
[BlackElo "2482"]
[PlyCount "119"]
[EventDate "2024.??.??"]

1. c4 e5 2. Nc3 Nf6 3. Nf3 Nc6 4. g3 Bb4 5. Nd5 e4 6. Nh4 d6 7. Nxb4 Nxb4 8. a3 Na6 9. d3 exd3 10. Qxd3 Nc5 11. Qc2 a5 12. Bg2 a4 13. Be3 Nb3 14. Rd1 Ng4 15. Bd4 Nxd4 16. Rxd4 O-O 17. O-O Qf6 18. Rf4 Qg5 19. Rd1 Ne5 20. Nf5 Ng6 21. h4 Qd8 22. Rfd4 Ra5 23. Rd5 Rxd5 24. cxd5 Bxf5 25. Qxf5 Ne5 26. Rd4 b5 27. Rb4 g6 28. Qc2 Qd7 29. b3 Ra8 30. h5 Kg7 31. Qb2 f6 32. bxa4 Rxa4 33. Rxb5 Rxa3 34. Rb7 Ra4 35. h6+ Kxh6 36. Qc1+ g5 37. Rxc7 Ra1 38. Qxa1 Qxc7 39. f4 Qc5+ 40. Kh1 gxf4 41. gxf4 Ng6 42. Be4 Qb4 43. Bxg6 Kxg6 44. Qf1 Qc4 45. Kh2 Qxd5 46. Kg3 Qe4 47. Qf2 Kf5 48. e3 Qb1 49. Qd2 Ke6 50. Qd4 Qg6+ 51. Kf3 Qh5+ 52. Kg3 Qd5 53. Qa4 Kf7 54. Qd7+ Kg6 55. Qg4+ Kf7 56. Qd7+ Kg6 57. Qg4+ Kh6 58. Qh4+ Kg7 59. Qg4+ Kh8 60. Qd7 1/2-1/2

[Event "2BLW 2324 SG Solingen II - SC Siegburg"]
[Site "?"]
[Date "2024.02.03"]
[Round "5.3"]
[White "Omelja, Artem"]
[Black "Wegerle, Joerg"]
[Result "1/2-1/2"]
[WhiteElo "2438"]
[BlackElo "2417"]
[PlyCount "97"]
[EventDate "2024.??.??"]

1. Nf3 Nf6 2. c4 c6 3. Nc3 d5 4. e3 g6 5. d4 Bg7 6. Be2 O-O 7. O-O b6 8. b3 Bb7 9. Bb2 Nbd7 10. cxd5 Nxd5 11. Nxd5 cxd5 12. Rc1 Rc8 13. Qd2 Nb8 14. Ne5 Qd6 15. Bc3 Nc6 16. Nxc6 Qxc6 17. a4 Qe6 18. Bb4 Bf6 19. a5 Rxc1 20. Rxc1 Rc8 21. axb6 axb6 22. Bd3 Rxc1+ 23. Qxc1 Qc6 24. Qa1 e6 25. g3 h5 26. h4 Bd8 27. Kf1 Qd7 28. Ke1 Bc6 29. Qa6 Bb7 30. Qa7 Bc6 31. Qxd7 Bxd7 32. Bd6 Bc6 33. Kd2 b5 34. Ke2 Kg7 35. f3 f5 36. Kf2 g5 37. hxg5 Bxg5 38. Ke2 Bd8 39. Bf4 Be7 40. Kf2 Kf7 41. Kg2 Bd7 42. Be2 Kg6 43. Kh3 Bb4 44. g4 hxg4+ 45. fxg4 fxg4+ 46. Bxg4 Be1 47. Kg2 Kf6 48. Be2 Be8 49. Bd6 1/2-1/2

[Event "2BLW 2324 SG Solingen II - SC Siegburg"]
[Site "?"]
[Date "2024.02.03"]
[Round "5.4"]
[White "Halvax, Georg"]
[Black "Zavgorodniy, Sergiy"]
[Result "1-0"]
[WhiteElo "2454"]
[BlackElo "2401"]
[PlyCount "95"]
[EventDate "2024.??.??"]

1. d4 Nf6 2. c4 e6 3. Nf3 Bb4+ 4. Nbd2 d5 5. a3 Be7 6. e3 O-O 7. Qc2 c5 8. dxc5 a5 9. b3 Nbd7 10. Bb2 Nxc5 11. Rd1 Bd7 12. Be2 Rc8 13. Qb1 b5 14. b4 axb4 15. axb4 Na4 16. c5 Nxb2 17. Qxb2 Ng4 18. Qc2 Qc7 19. h3 Nf6 20. O-O e5 21. Qb2 e4 22. Nd4 Qe5 23. Kh1 Bd8 24. f4 exf3 25. N2xf3 Qb8 26. Bd3 Ne4 27. Kg1 Re8 28. Ra1 Ng5 29. Bf5 Bxf5 30. Nxf5 Bf6 31. Nh6+ gxh6 32. Qxf6 Ne4 33. Qxh6 Re6 34. Qf4 Qxf4 35. exf4 Ng3 36. Rfd1 Ne2+ 37. Kf1 Nxf4 38. Ra5 Rg6 39. Rd2 Rb8 40. Nd4 Kh8 41. c6 Rc8 42. Rxb5 Ne6 43. Nf5 Nc7 44. Rc5 Rb8 45. b5 Rf6 46. Rdxd5 Nxd5 47. Rxd5 h5 48. c7 1-0

[Event "2BLW 2324 SG Solingen II - SC Siegburg"]
[Site "?"]
[Date "2024.02.03"]
[Round "5.5"]
[White "Dzierzenga, Stefan"]
[Black "Gaponenko, Inna"]
[Result "0-1"]
[WhiteElo "2135"]
[BlackElo "2328"]
[PlyCount "78"]
[EventDate "2024.??.??"]

1. e4 c5 2. Nc3 Nc6 3. g3 g6 4. Bg2 Bg7 5. d3 d6 6. Nh3 e6 7. O-O Nge7 8. Be3 O-O 9. Qd2 b5 10. Bh6 b4 11. Bxg7 Kxg7 12. Ne2 e5 13. f4 f6 14. Nf2 Rb8 15. c3 bxc3 16. bxc3 Qa5 17. Qc2 Qa3 18. Rab1 Be6 19. c4 Nb4 20. Qc1 Qxa2 21. Nc3 Qa5 22. g4 Nbc6 23. Rxb8 Rxb8 24. g5 Ng8 25. f5 Bf7 26. Ng4 fxg5 27. Nd5 h6 28. h4 Nd4 29. Qe3 gxh4 30. fxg6 Bxg6 31. Nxh6 Nxh6 32. Qg5 Qd8 33. Rf6 Qe8 34. Ne7 Ne2+ 35. Kh2 Nf4 36. Nf5+ Nxf5 37. exf5 Rb2 38. fxg6 Rxg2+ 39. Kh1 Rxg5 0-1

[Event "2BLW 2324 SG Solingen II - SC Siegburg"]
[Site "?"]
[Date "2024.02.03"]
[Round "5.6"]
[White "Schlecht, Daniel"]
[Black "Albrecht, Oliver"]
[Result "1-0"]
[WhiteElo "2372"]
[BlackElo "2142"]
[PlyCount "65"]
[EventDate "2024.??.??"]

1. d4 Nf6 2. c4 g6 3. Nc3 d5 4. cxd5 Nxd5 5. e4 Nxc3 6. bxc3 Bg7 7. Nf3 c5 8. Rb1 O-O 9. Be2 cxd4 10. cxd4 Qa5+ 11. Bd2 Qxa2 12. O-O Qe6 13. Qc2 Qc6 14. Qd3 b6 15. d5 Qd7 16. Qa3 Qd8 17. Bb4 Re8 18. Rfd1 a5 19. d6 exd6 20. Bxd6 Ba6 21. Bxa6 Nxa6 22. e5 Ra7 23. Nd4 Rb7 24. Nc6 Qa8 25. Qf3 Qc8 26. Nxa5 Rd7 27. Rdc1 Qd8 28. Nc6 Qg5 29. h4 Qd2 30. Rd1 Qc2 31. Ne7+ Rdxe7 32. Bxe7 Nc7 33. Rbc1 1-0

[Event "2BLW 2324 SG Solingen II - SC Siegburg"]
[Site "?"]
[Date "2024.02.03"]
[Round "5.7"]
[White "Kolkin, Michail"]
[Black "Schaefer, Markus"]
[Result "1-0"]
[WhiteElo "2334"]
[BlackElo "2350"]
[PlyCount "119"]
[EventDate "2024.??.??"]

1. Nf3 Nf6 2. g3 g6 3. b3 Bg7 4. Bb2 d5 5. c4 c6 6. Bg2 O-O 7. O-O Nbd7 8. d3 Re8 9. cxd5 cxd5 10. Nc3 e5 11. Rc1 a6 12. Na4 e4 13. dxe4 dxe4 14. Ng5 Qa5 15. h4 h6 16. Bc3 Qb5 17. Bxf6 Nxf6 18. Nc3 Qa5 19. Ngxe4 Nxe4 20. Nxe4 Bg4 21. Bf3 Bxf3 22. exf3 Qxa2 23. Qd5 Re7 24. h5 Kh7 25. Kg2 Qb2 26. hxg6+ fxg6 27. Rh1 Rf8 28. Rce1 Kh8 29. Qd6 Ref7 30. Qxg6 Rxf3 31. Ref1 R3f5 32. Rh4 a5 33. Kg1 b5 34. Ng5 Rxg5 35. Qxg5 a4 36. bxa4 bxa4 37. Rxh6+ Bxh6 38. Qxh6+ Kg8 39. Qe6+ Rf7 40. Qg4+ Rg7 41. Qxa4 Rf7 42. Qg4+ Kf8 43. Qc8+ Kg7 44. Qc5 Qe2 45. Rc1 Qg4 46. Qe5+ Kh7 47. Re1 Kg8 48. Qc5 Qd7 49. Qg5+ Rg7 50. Qe5 Kf7 51. Rc1 Kg8 52. Rb1 Qg4 53. Qe8+ Kh7 54. Kg2 Rg8 55. Rh1+ Kg7 56. Qe7+ Kg6 57. Qh7+ Kf6 58. Rh6+ Ke5 59. Qe7+ Kd5 60. Rd6+ 1-0

[Event "2BLW 2324 SG Solingen II - SC Siegburg"]
[Site "?"]
[Date "2024.02.03"]
[Round "5.8"]
[White "Berg, Michael"]
[Black "Breest, Axel"]
[Result "1-0"]
[WhiteElo "2276"]
[BlackElo "1979"]
[PlyCount "73"]
[EventDate "2024.??.??"]

1. d4 Nf6 2. c4 c5 3. d5 b5 4. cxb5 e6 5. Nc3 exd5 6. Nxd5 Bb7 7. e4 a6 8. bxa6 Nxa6 9. Bc4 Be7 10. e5 Nxd5 11. Bxd5 Bxd5 12. Qxd5 Nb4 13. Qc4 O-O 14. Nf3 d5 15. exd6 Qxd6 16. O-O Rfd8 17. Bg5 Ra7 18. a3 Nc6 19. Bxe7 Rxe7 20. Rac1 Ne5 21. Nxe5 Rxe5 22. Qg4 Rd5 23. Qc4 Qf6 24. b3 h6 25. h3 Qg5 26. Rc3 Rd1 27. Rc1 R1d5 28. a4 h5 29. a5 Rd3 30. a6 R8d6 31. a7 Qd8 32. Qe4 Ra6 33. Ra1 Rxa1 34. Rxa1 Rd1+ 35. Rxd1 Qxd1+ 36. Kh2 Qd6+ 37. g3 1-0

[Event "2BLW 2324 SV Werder Bremen II - Aachener"]
[Site "?"]
[Date "2024.02.04"]
[Round "6.1"]
[White "Nagy, Gabor"]
[Black "Colbow, Collin"]
[Result "1-0"]
[WhiteElo "2434"]
[BlackElo "2376"]
[PlyCount "101"]
[EventDate "2024.??.??"]

1. c4 e6 2. Nc3 d5 3. d4 Nf6 4. cxd5 exd5 5. Bg5 Bb4 6. e3 h6 7. Bxf6 Qxf6 8. Qa4+ Nc6 9. Nf3 O-O 10. Rc1 Rd8 11. Be2 Bf8 12. O-O Ne7 13. b4 Bf5 14. Qb3 a6 15. Na4 c6 16. Nc5 Ra7 17. a4 Nc8 18. Ne5 Nd6 19. Rfd1 Ne4 20. f3 Nxc5 21. bxc5 Qe7 22. Bd3 Bc8 23. Bb1 g6 24. f4 Bg7 25. Rf1 Ra8 26. Rce1 Re8 27. Rf2 Bf6 28. Rb2 Qc7 29. Bd3 Re7 30. Reb1 Bg7 31. Qd1 Bf6 32. Rb6 Bg7 33. Qf3 Ra7 34. h3 Ra8 35. Qg3 Ra7 36. R1b2 Ra8 37. Kh2 Ra7 38. R2b4 Ra8 39. Be2 Ra7 40. Bd3 Ra8 41. h4 h5 42. e4 a5 43. Rb1 Qd8 44. exd5 Qxd5 45. Qf2 Bxe5 46. fxe5 Rb8 47. Qf6 Qe6 48. Rxc6 bxc6 49. Rxb8 Re8 50. Qxe6 fxe6 51. Bxg6 1-0

[Event "2BLW 2324 SV Werder Bremen II - Aachener"]
[Site "?"]
[Date "2024.02.04"]
[Round "6.2"]
[White "Grigorian, Spartak"]
[Black "Galyas, Miklos"]
[Result "1/2-1/2"]
[WhiteElo "2435"]
[BlackElo "2388"]
[PlyCount "41"]
[EventDate "2024.??.??"]

1. d4 d5 2. c4 e6 3. Nc3 a6 4. cxd5 exd5 5. Qb3 c5 6. e4 Nc6 7. dxc5 d4 8. Nd5 Bxc5 9. Qg3 Kf8 10. Bg5 Nge7 11. Bc4 h6 12. Bd2 Be6 13. Ne2 Nxd5 14. exd5 Bxd5 15. Bxd5 Qxd5 16. O-O Re8 17. Rfe1 Bd6 18. Nf4 Rxe1+ 19. Rxe1 Qf5 20. Qb3 b5 21. Qf3 1/2-1/2

[Event "2BLW 2324 SV Werder Bremen II - Aachener"]
[Site "?"]
[Date "2024.02.04"]
[Round "6.3"]
[White "Koch, Thomas"]
[Black "Meins, Gerlef"]
[Result "1-0"]
[WhiteElo "2431"]
[BlackElo "2395"]
[PlyCount "61"]
[EventDate "2024.??.??"]

1. d4 Nf6 2. c4 e6 3. Nf3 Bb4+ 4. Bd2 a5 5. g3 b6 6. Bg2 Bb7 7. O-O Bxd2 8. Qxd2 d6 9. d5 e5 10. Nc3 Na6 11. b3 O-O 12. a3 Qe7 13. Qb2 e4 14. Nd4 Qe5 15. Rad1 Rfe8 16. b4 axb4 17. axb4 Bc8 18. Nc6 Qh5 19. Rd4 e3 20. f3 Bb7 21. Rh4 Qg6 22. Nd4 Re5 23. Nc6 Ree8 24. Bh3 h5 25. Ne4 Bxc6 26. dxc6 Nxe4 27. fxe4 Re5 28. Rhf4 b5 29. Qa2 bxc4 30. Qxc4 Kh8 31. Rxf7 1-0

[Event "2BLW 2324 SV Werder Bremen II - Aachener"]
[Site "?"]
[Date "2024.02.04"]
[Round "6.4"]
[White "Lobzhanidze, Davit"]
[Black "Lemmers, Oscar"]
[Result "1-0"]
[WhiteElo "2403"]
[BlackElo "2355"]
[PlyCount "37"]
[EventDate "2024.??.??"]

1. e4 c5 2. Nf3 e6 3. b3 b6 4. Bb2 Bb7 5. Nc3 d6 6. d4 cxd4 7. Bb5+ Nc6 8. Nxd4 Nge7 9. Nd5 Rc8 10. Qh5 e5 11. Ne6 Qd7 12. Nxf8 Kxf8 13. f4 f6 14. fxe5 dxe5 15. Ba3 Re8 16. Nxf6 gxf6 17. Bc4 Kg7 18. Qf7+ Kh6 19. Bc1+ 1-0

[Event "2BLW 2324 SV Werder Bremen II - Aachener"]
[Site "?"]
[Date "2024.02.04"]
[Round "6.5"]
[White "Klein, Felix"]
[Black "Joachim, Sven"]
[Result "0-1"]
[WhiteElo "2288"]
[BlackElo "2391"]
[PlyCount "132"]
[EventDate "2024.??.??"]

1. d4 Nf6 2. c4 g6 3. Nf3 Bg7 4. Nc3 O-O 5. e4 d6 6. Be2 e5 7. O-O Na6 8. Be3 Ng4 9. Bg5 Qe8 10. h3 h6 11. Bh4 Nf6 12. dxe5 dxe5 13. Bxf6 Bxf6 14. c5 Nxc5 15. Nd5 Bd8 16. Qc1 Ne6 17. Qxh6 c6 18. Nc3 Bf6 19. Rfd1 Qe7 20. Bc4 Nf4 21. Rac1 Re8 22. Ne2 Bg7 23. Qh4 Qxh4 24. Nxh4 Nxe2+ 25. Bxe2 Be6 26. Bc4 Bxc4 27. Rxc4 Red8 28. Rxd8+ Rxd8 29. Nf3 Rd1+ 30. Kh2 Rd3 31. Kg1 Rd1+ 32. Kh2 Rd3 33. Kg1 Kf8 34. Kf1 Rd1+ 35. Ke2 Ra1 36. a3 Ke7 37. h4 Kd6 38. Ne1 b5 39. Rc2 c5 40. Rd2+ Kc6 41. Rd1 Rxd1 42. Kxd1 f5 43. exf5 gxf5 44. f3 Kd5 45. Nd3 a5 46. b3 Kd4 47. Ke2 c4 48. bxc4 bxc4 49. Ne1 Kc3 50. g4 Kb2 51. Kd2 c3+ 52. Kd3 e4+ 53. fxe4 fxg4 54. h5 g3 55. Ke3 c2 56. Kf3 Be5 57. a4 c1=Q 58. Nd3+ Kc2 59. Nxc1 Kxc1 60. h6 Kc2 61. h7 Kb3 62. h8=Q Bxh8 63. Kxg3 Kxa4 64. Kf4 Kb3 65. e5 Bxe5+ 66. Kxe5 a4 0-1

[Event "2BLW 2324 SV Werder Bremen II - Aachener"]
[Site "?"]
[Date "2024.02.04"]
[Round "6.6"]
[White "Richter, Christian"]
[Black "Sonntag, Hans-Hubert"]
[Result "1/2-1/2"]
[WhiteElo "2356"]
[BlackElo "2283"]
[PlyCount "39"]
[EventDate "2024.??.??"]

1. d4 Nf6 2. Nf3 e6 3. c4 d5 4. Nc3 Be7 5. Bf4 O-O 6. e3 Nbd7 7. cxd5 Nxd5 8. Nxd5 exd5 9. Bd3 c5 10. O-O c4 11. Bc2 Nf6 12. Ne5 Nd7 13. b3 Nxe5 14. Bxe5 b5 15. bxc4 bxc4 16. Rb1 g6 17. Qf3 f6 18. Bf4 Be6 19. Rb7 Rf7 20. Rfb1 1/2-1/2

[Event "2BLW 2324 SV Werder Bremen II - Aachener"]
[Site "?"]
[Date "2024.02.04"]
[Round "6.7"]
[White "Begnis, Nikolaos"]
[Black "Breutigam, Martin"]
[Result "0-1"]
[WhiteElo "2271"]
[BlackElo "2353"]
[PlyCount "142"]
[EventDate "2024.??.??"]

1. e4 Nc6 2. d4 d5 3. exd5 Qxd5 4. Nf3 e5 5. Nc3 Bb4 6. Bd2 Bxc3 7. Bxc3 e4 8. Ne5 Nxe5 9. dxe5 Ne7 10. Be2 Bf5 11. O-O O-O-O 12. Qc1 Qc5 13. Qf4 Bg6 14. Rfd1 Nd5 15. Qg4+ Kb8 16. Bd4 Qe7 17. Bc4 Nb4 18. Bb3 Nc6 19. Bc3 Nxe5 20. Qf4 f6 21. Bxe5 Qxe5 22. Qxe5 fxe5 23. Kf1 Rd6 24. Rxd6 cxd6 25. Rd1 Rd8 26. c3 Be8 27. Bd5 Bc6 28. Ke2 Kc7 29. Ke3 Rf8 30. Rd2 Bxd5 31. Rxd5 Kc6 32. c4 g5 33. b4 b6 34. a4 g4 35. a5 Rf6 36. axb6 axb6 37. Rd1 b5 38. cxb5+ Kxb5 39. Rd2 Kxb4 40. Kxe4 Kc3 41. Ke3 Kc4 42. Rc2+ Kd5 43. Rc7 h5 44. Rh7 Rf5 45. Rh8 Ke6 46. Rh6+ Kd7 47. Rh7+ Kc6 48. Rh6 Kc5 49. Rh8 d5 50. Rc8+ Kd6 51. Rd8+ Ke6 52. Re8+ Kf7 53. Ra8 d4+ 54. Ke2 Ke6 55. Rh8 Kd5 56. Ra8 Ke4 57. Ra3 Rf8 58. h3 Rb8 59. hxg4 Rb2+ 60. Ke1 hxg4 61. Rg3 Kf4 62. Ra3 Rc2 63. Rb3 Rc3 64. Rb8 g3 65. Rf8+ Ke4 66. fxg3 Rxg3 67. Kf2 Ra3 68. g4 Ra2+ 69. Kg3 d3 70. Rd8 d2 71. g5 Ra3+ 0-1

[Event "2BLW 2324 SV Werder Bremen II - Aachener"]
[Site "?"]
[Date "2024.02.04"]
[Round "6.8"]
[White "Ewert, Hannes"]
[Black "Lamby, Philipp"]
[Result "1/2-1/2"]
[WhiteElo "2245"]
[BlackElo "2185"]
[PlyCount "59"]
[EventDate "2024.??.??"]

1. d4 Nf6 2. Nf3 e6 3. g3 c5 4. Bg2 cxd4 5. Nxd4 d5 6. O-O e5 7. Nb3 Be6 8. Bg5 Nbd7 9. e4 dxe4 10. Nc3 Be7 11. Bxf6 Nxf6 12. Nxe4 Nxe4 13. Bxe4 Qc7 14. Re1 O-O 15. Qf3 Rad8 16. Rad1 b6 17. Rxd8 Rxd8 18. Rd1 Rxd1+ 19. Qxd1 Qc4 20. Qd3 Qxd3 21. Bxd3 Bg5 22. Kf1 f5 23. Ke2 Kf7 24. f3 g6 25. a4 Ke7 26. a5 Kd6 27. axb6 axb6 28. Nd2 Kc5 29. c3 Bf6 30. Kd1 1/2-1/2

[Event "2BLW 2324 SF Lieme - Düsseldorfer SK"]
[Site "?"]
[Date "2024.02.04"]
[Round "6.2"]
[White "Wittke, Rene"]
[Black "Dominguez Perez, Leinier"]
[Result "0-1"]
[WhiteElo "2315"]
[BlackElo "2752"]
[PlyCount "114"]
[EventDate "2024.??.??"]

1. d4 Nf6 2. c4 e6 3. Nf3 d5 4. cxd5 exd5 5. Nc3 c6 6. Bg5 h6 7. Bh4 Bf5 8. e3 Nbd7 9. Bd3 Bxd3 10. Qxd3 Be7 11. O-O O-O 12. Rab1 a5 13. a3 Re8 14. Rfc1 a4 15. Qd1 Qa5 16. b4 axb3 17. Rxb3 Ra7 18. Bg3 Qa6 19. Ne5 Nb6 20. Rcb1 Nc4 21. a4 Bd8 22. Nd3 b6 23. Ne5 Na5 24. R3b2 Nd7 25. Qg4 Qb7 26. Rc2 Nxe5 27. Bxe5 f6 28. Bf4 Nc4 29. Rcc1 Qd7 30. Qg6 Qf7 31. Qf5 h5 32. h4 Be7 33. Qd3 f5 34. Bg3 g6 35. Ra1 Bb4 36. Ne2 Rea8 37. Qb3 Bf8 38. Ra2 Ra5 39. Rca1 Kh7 40. Kh2 Qa7 41. Nc3 Bg7 42. Qd1 Qe7 43. Qc2 Bf6 44. Kh3 Re8 45. Rd1 Ra7 46. Qd3 b5 47. Rb1 Rea8 48. Qd1 Qd7 49. Bf4 Be7 50. Rba1 b4 51. Ne2 Na3 52. Nc1 Rxa4 53. Nd3 R4a7 54. Qb3 Qb7 55. Nc5 Qb5 56. Rb2 Nc4 57. Rxa7 Rxa7 0-1

[Event "2BLW 2324 SF Lieme - Düsseldorfer SK"]
[Site "?"]
[Date "2024.02.04"]
[Round "6.3"]
[White "Erigaisi Arjun"]
[Black "Bentel, Robin"]
[Result "1-0"]
[WhiteElo "2738"]
[BlackElo "2194"]
[PlyCount "35"]
[EventDate "2024.??.??"]

1. c4 g6 2. Nc3 Nf6 3. e4 e5 4. Nf3 Bg7 5. Nxe5 O-O 6. Nf3 Re8 7. Bd3 d5 8. cxd5 Nxd5 9. O-O Nb4 10. Bc4 N8c6 11. d4 Bxd4 12. Qb3 Qe7 13. a3 Na6 14. Bxa6 bxa6 15. Qc4 Bxc3 16. Qxc6 Be5 17. Nxe5 Qxe5 18. Qxa8 1-0

[Event "2BLW 2324 SF Lieme - Düsseldorfer SK"]
[Site "?"]
[Date "2024.02.04"]
[Round "6.4"]
[White "Himpenmacher, Andy"]
[Black "Van Foreest, Jorden"]
[Result "0-1"]
[WhiteElo "2233"]
[BlackElo "2668"]
[PlyCount "56"]
[EventDate "2024.??.??"]

1. Nf3 Nf6 2. b3 g6 3. Bb2 Bg7 4. e3 O-O 5. Be2 c5 6. O-O d5 7. d4 cxd4 8. Nxd4 Re8 9. c4 e5 10. Nf3 Nc6 11. cxd5 Nxd5 12. e4 Nf4 13. Bb5 Qb6 14. Bxc6 bxc6 15. Qc2 Ba6 16. Na3 Bd3 17. Qd2 Rad8 18. Rfe1 Bxe4 19. Qe3 Bxf3 20. Qxf3 Nd3 21. Nc4 Nxe1 22. Rxe1 Qb5 23. Qe3 Rd7 24. f4 e4 25. Bxg7 Kxg7 26. Qc3+ f6 27. Ne3 Rd3 28. Qc1 Qb4 0-1

[Event "2BLW 2324 SF Lieme - Düsseldorfer SK"]
[Site "?"]
[Date "2024.02.04"]
[Round "6.5"]
[White "Esipenko, Andrey"]
[Black "Essing, Arnold"]
[Result "1-0"]
[WhiteElo "2704"]
[BlackElo "2216"]
[PlyCount "97"]
[EventDate "2024.??.??"]

1. e4 e5 2. Nf3 Nf6 3. Nxe5 d6 4. Nf3 Nxe4 5. d4 d5 6. Bd3 Bd6 7. O-O O-O 8. c4 c6 9. Nc3 Nxc3 10. bxc3 Bg4 11. cxd5 cxd5 12. Rb1 Nd7 13. h3 Bh5 14. Rxb7 Nb6 15. Ba6 Qe8 16. g4 Bg6 17. Ne5 Bxe5 18. dxe5 Qxe5 19. Qd4 Qe6 20. Rc7 Rfd8 21. Bb7 Rab8 22. Bf4 Qe2 23. Qe3 Re8 24. Qxe2 Rxe2 25. a3 h5 26. gxh5 Bxh5 27. Rxf7 Bxf7 28. Bxb8 Nc4 29. Ba6 Re8 30. Rb1 Nxa3 31. Rb7 Re1+ 32. Kh2 Nb1 33. Rc7 Rc1 34. Bd3 Bh5 35. Bxb1 Rxb1 36. Bxa7 Bf3 37. Bd4 g6 38. Kg3 Be4 39. Kf4 Rh1 40. c4 Rxh3 41. c5 Rh5 42. c6 Rf5+ 43. Kg4 Rf7 44. Rb7 Bf5+ 45. Kg5 Bc8 46. Rb6 Kh7 47. Bf6 Rc7 48. Rb1 Ba6 49. Rh1+ 1-0

[Event "2BLW 2324 SF Lieme - Düsseldorfer SK"]
[Site "?"]
[Date "2024.02.04"]
[Round "6.6"]
[White "Schaffarczyk, Andre"]
[Black "Bologan, Victor"]
[Result "0-1"]
[WhiteElo "2108"]
[BlackElo "2585"]
[PlyCount "53"]
[EventDate "2024.??.??"]

1. e4 c5 2. Nf3 e6 3. d4 cxd4 4. Nxd4 a6 5. Bd3 Bc5 6. Nb3 Be7 7. O-O d6 8. a4 b6 9. Nc3 Nf6 10. f4 Nbd7 11. Be3 Bb7 12. Qf3 Qc7 13. a5 b5 14. Qg3 g6 15. e5 dxe5 16. fxe5 Nh5 17. Qh3 Nxe5 18. Bb6 Qb8 19. Nc5 O-O 20. Be2 Nf6 21. Nxb7 Qxb7 22. Bd4 Qc7 23. Kh1 Nfd7 24. Qg3 Rac8 25. Ne4 Qxc2 26. Bxe5 Qxe4 27. Bc3 0-1

[Event "2BLW 2324 SF Lieme - Düsseldorfer SK"]
[Site "?"]
[Date "2024.02.04"]
[Round "6.7"]
[White "Levin, Felix"]
[Black "Krallmann, Matthias"]
[Result "1-0"]
[WhiteElo "2440"]
[BlackElo "2148"]
[PlyCount "53"]
[EventDate "2024.??.??"]

1. d4 d5 2. Nf3 Nf6 3. c4 dxc4 4. e3 e6 5. Bxc4 c5 6. O-O a6 7. b3 Nbd7 8. Bb2 b5 9. Be2 Bb7 10. a4 bxa4 11. Rxa4 Nb6 12. Ra1 cxd4 13. Bxd4 Bb4 14. Qc2 O-O 15. Qb2 Nbd5 16. Ne5 Qe7 17. Rc1 Qd6 18. Na3 Rfc8 19. Nac4 Qd8 20. Bf3 Qe7 21. Nd3 a5 22. e4 Nc7 23. Nb6 Nxe4 24. Nxa8 Rxa8 25. Nxb4 axb4 26. Rxa8+ Nxa8 27. Bxe4 1-0

[Event "2BLW 2324 SF Lieme - Düsseldorfer SK"]
[Site "?"]
[Date "2024.02.04"]
[Round "6.8"]
[White "Erofeev, Anastasia"]
[Black "Braun, Christian"]
[Result "0-1"]
[WhiteElo "2022"]
[BlackElo "2406"]
[PlyCount "118"]
[EventDate "2024.??.??"]

1. d4 g6 2. c4 Bg7 3. Nf3 d6 4. g3 Nc6 5. d5 Nb8 6. Bg2 Nd7 7. Nc3 Nc5 8. Qc2 a5 9. O-O e5 10. e4 Nf6 11. Be3 b6 12. a3 Ng4 13. Bg5 f6 14. Bd2 a4 15. h3 Nh6 16. Be3 Bd7 17. Nd2 O-O 18. Kh2 Nf7 19. Ne2 Bh6 20. Bxh6 Nxh6 21. Qc3 Qe7 22. Rae1 Rab8 23. b4 axb3 24. Nxb3 Nf7 25. Nxc5 dxc5 26. Nc1 Ra8 27. Nd3 Ra4 28. Ra1 Nd6 29. Nb2 Ra5 30. Rfe1 h5 31. Nd3 Nf7 32. Re3 Rb8 33. f4 Rba8 34. Bf1 Qd6 35. fxe5 Nxe5 36. Nxe5 Qxe5 37. Qxe5 fxe5 38. Rc3 Rf8 39. Kg2 Kf7 40. Be2 Ke7 41. Rf1 Rxf1 42. Bxf1 g5 43. Kf2 Ra8 44. h4 gxh4 45. gxh4 Bg4 46. Bh3 Rf8+ 47. Kg3 Bxh3 48. Kxh3 Rf4 49. Re3 Kd7 50. Rg3 Rxe4 51. Rg5 Rxc4 52. Rxe5 Rc3+ 53. Kg2 Rxa3 54. Rxh5 b5 55. Rh8 Rd3 56. h5 Rxd5 57. h6 Rh5 58. h7 Kc6 59. Kf2 c4 0-1